000 00575nam a2200229Ia 4500
001 3075
003 GE_BSU
008 181216s||||||||xx |||||||||||||| ||und||
040 _cGE_BSU
080 _a621.56/57
100 _aЯкобсон,В.Б
245 _aМалые холодильные машины
245 _cРед.Г.А.Гусева
260 _aМ
260 _bПищевая промышленность
260 _c1977
300 _a368 стр.
300 _bилл.
300 _c24 см
653 _aМашиностроение
942 _cBK
999 _c37119
_d37119